| 000 | 01901nam0a2200409 4500 | ||
|---|---|---|---|
| 001 | RU\NLR\BIBL_A\012160637 | ||
| 005 | 20191226154913.0 | ||
| 010 |
_a978-5-00119-054-7 _91500 |
||
| 021 |
_aRU _bАЛ-П-19-00831и _9АЛ-П-19-0157 |
||
| 035 | _a(NLR Aleph) 012160637 | ||
| 035 | _a(RuMoRGB)010124492 | ||
| 090 |
_a12188312 _c12188312 |
||
| 100 | _a20191210d2019 u y0rusy50 ca | ||
| 101 | 0 | _amul | |
| 102 | _aRU | ||
| 105 | _aac||z|||000zy | ||
| 200 | 1 |
_aПространство живописи _dL'espace de la peinture _dPainterly space _e[альбом] _fОлег Путнин _g[авторы статей: М. Руфин, В. С. Манин] _zfre _zeng |
|
| 210 |
_aМосква _cБелый город _d2019 |
||
| 215 |
_a318, [2] с. _cил., цв. ил., портр. _d34 |
||
| 225 | 1 | _aИздательская программа Правительства Москвы | |
| 300 | _aПарал. загл. также на кит. яз. | ||
| 300 | _aАвт. также на фр. яз.: Oleg Poutnine; на англ. яз.: Oleg Putnin | ||
| 300 | _aТекст парал. рус., фр., англ., кит. | ||
| 333 | _a16+ | ||
| 510 | 1 |
_6z20790 _aL'espace de la peinture _zfre |
|
| 510 | 1 |
_6z21790 _aPainterly space _zeng |
|
| 600 | 1 |
_aПутнин _bО. Ю. _f1974 _gОлег Юрьевич _jАльбомы _92340486 _3RU\NLR\AUTH\6601622563 |
|
| 686 | 1 | _aЩ143(2Р=Рус)8-8Путнин я61 | |
| 700 | 1 |
_7ca _8rus _aПутнин _bО. Ю. _f1974- _gОлег Юрьевич _9214212 _3RU\NLR\AUTH\770214268 |
|
| 790 | 1 |
_6z20510 _7ba _8rus _aPutnin _bO. J. _f1974- _gOleg Jur'evič _9214213 _3RU\NLR\AUTH\770214269 |
|
| 790 | 1 |
_6z21510 _7ba _8rus _aPutnin _bO. J. _f1974- _gOleg Jur'evič _9214213 _3RU\NLR\AUTH\770214269 |
|
| 942 | _cBOOK | ||
| 980 | _aNB | ||